Fontana biographical companion to modern thought (Record no. 915019)

MARC details
000 -LEADER
fixed length control field 00729nam a2200253Ia 4500
003 - CONTROL NUMBER IDENTIFIER
control field OSt
005 - DATE AND TIME OF LATEST TRANSACTION
control field 20221002050618.0
008 - FIXED-LENGTH DATA ELEMENTS--GENERAL INFORMATION
fixed length control field 220930b |||||||| |||| 00| 0 eng d
037 ## - SOURCE OF ACQUISITION
Terms of availability Reference Collections
040 ## - CATALOGING SOURCE
Original cataloging agency CRL
Transcribing agency CRL
Language of cataloging eng
041 ## - LANGUAGE CODE
Source of code eng
Language code of text/sound track or separate title eng
100 ## - MAIN ENTRY--PERSONAL NAME
Personal name Bullock Alan ed.
245 #0 - TITLE STATEMENT
Title Fontana biographical companion to modern thought
260 ## - PUBLICATION, DISTRIBUTION, ETC.
Place of publication, distribution, etc. London
Name of publisher, distributor, etc. William Collins
Date of publication, distribution, etc. 1983
300 ## - PHYSICAL DESCRIPTION
Extent xxv, 867p.
Dimensions cm.
650 ## - SUBJECT ADDED ENTRY--TOPICAL TERM
Topical term or geographic name entry element BIOGRAPHY
700 ## - ADDED ENTRY--PERSONAL NAME
Personal name Wooding R.B. ed.
9 (RLIN) 571508
942 ## - ADDED ENTRY ELEMENTS (KOHA)
Classification part w4,N7, M3(RR)
Koha item type
Source of classification or shelving scheme Colon Classification (CC)
Holdings
Withdrawn status Lost status Damaged status Not for loan Home library Current library Date acquired Total Checkouts Full call number Barcode Date last seen Price effective from Koha item type
        Central Library Central Library 2022-10-02   w4,N7 M3(RR) CL0923417 2022-10-02 2022-10-02  
Copyright @ Delhi University Library System